| 000 | 00803nam a22002177a 4500 | ||
|---|---|---|---|
| 005 | 2008102102282.0 | ||
| 008 | 081021t xxu||||| |||| 00| 0 eng d | ||
| 010 | _aENG-84202 | ||
| 020 | _a0195688031 | ||
| 020 | _c695.00 (hb) | ||
| 035 | _aEN-67735 | ||
| 082 | _a339.5 | ||
| 245 |
_aStability with growth: _bmacroeconomics, liberalization and development / _cby Joseph E Stiglitz...[et al] |
||
| 260 |
_aNew Delhi _bOxford University Press |
||
| 260 | _c2006 | ||
| 300 |
_axi,339p _c23cm |
||
| 500 | _aIncludes bibliographical references and index | ||
| 700 |
_aStiglitz, Joseph E _cjt auth |
||
| 942 |
_2ddc _cEN _h339.5 _mSTA |
||
| 999 |
_c17164 _d17164 |
||